BESIDE CLINICALS IN MEDICINE (Record no. 22898)

MARC details
000 -LEADER
fixed length control field 00385nam a22001697a 4500
003 - CONTROL NUMBER IDENTIFIER
control field SGT
020 ## - INTERNATIONAL STANDARD BOOK NUMBER
International Standard Book Number 9788190635592
082 ## - DEWEY DECIMAL CLASSIFICATION NUMBER
Classification number 616
Item number B21K
100 ## - MAIN ENTRY--PERSONAL NAME
Personal name KUNDU,ARUP.KUMAR
245 ## - TITLE STATEMENT
Title BESIDE CLINICALS IN MEDICINE
250 ## - EDITION STATEMENT
Edition statement 18TH, 7TH
260 ## - PUBLICATION, DISTRIBUTION, ETC. (IMPRINT)
Place of publication, distribution, etc NEW DELHI
Name of publisher, distributor, etc CBS PUB
Year of Publication 2018
300 ## - PAGE DESCRIPTION
No. of Pages 580, 384
650 ## - SUBJECT ADDED ENTRY--TOPICAL TERM
Topical term or geographic name as entry element MEDICINE
653 ## - KEYWORDS--INDEX TERM
Keyword term CLINICAL, MEDICINE
942 ## - ADDED ENTRY ELEMENTS (KOHA)
Source of classification or shelving scheme Dewey Decimal Classification
Koha item type Books
942 ## - ADDED ENTRY ELEMENTS (KOHA)
-- 15
Holdings
Withdrawn status Lost status Source of classification or shelving scheme Damaged status Not for loan Collection code Home library Current library Shelving location Date acquired Vendor Name Cost, normal purchase price Volume Information (Serial or Books or Non-Book Material) SGTU Bill Number Total Checkouts Full call number Accession No. (Barcode) Date last seen Date last borrowed Bill Date Koha item type
    Dewey Decimal Classification     AYURVEDA SGT FA-FP Library SGT FA-FP Library Text Book 22/06/2022 AHUJA PUBLICATION 725.00 1 SGTU 14473 7 616 B21K FA11379 18/06/2025 05/06/2025 19/05/2022 Books
    Dewey Decimal Classification     AYURVEDA SGT FA-FP Library SGT FA-FP Library Text Book 22/06/2022 AHUJA PUBLICATION 725.00 1 SGTU 14473 6 616 B21K FA11380 22/08/2025 22/08/2025 19/05/2022 Books
    Dewey Decimal Classification     AYURVEDA SGT FA-FP Library SGT FA-FP Library Text Book 22/06/2022 AHUJA PUBLICATION 495.00 2 SGTU 14473 4 616 B21K FA11381 16/07/2025 16/07/2025 19/05/2022 Books
    Dewey Decimal Classification     AYURVEDA SGT FA-FP Library SGT FA-FP Library Text Book 22/06/2022 AHUJA PUBLICATION 495.00 2 SGTU 14473 1 616 B21K FA11382 18/08/2023 04/08/2023 19/05/2022 Books